Statistics for NASCAR Craftsman Truck Series Champions

Click here to take the quiz!

General Stats

  • This quiz has been taken 410 times
    (77 since last reset)
  • The average score is 19 of 29

Answer Stats

YearChampion% Correct
2014Matt Crafton
94%
2019Matt Crafton
94%
2013Matt Crafton
94%
2023Ben Rhodes
92%
2021Ben Rhodes
92%
2022Zane Smith
88%
2020Sheldon Creed
79%
2007Ron Hornaday, Jr.
75%
1996Ron Hornaday, Jr.
75%
2009Ron Hornaday, Jr.
75%
1998Ron Hornaday, Jr.
75%
2011Austin Dillon
71%
2017Christopher Bell
69%
1995Mike Skinner
69%
2015Erik Jones
67%
2016Johnny Sauter
63%
2018Brett Moffitt
62%
1997Jack Sprague
56%
1999Jack Sprague
56%
2001Jack Sprague
56%
2006Todd Bodine
54%
2010Todd Bodine
54%
2012James Buescher
52%
2008Johnny Benson, Jr.
50%
2000Greg Biffle
48%
2004Bobby Hamilton
38%
2005Ted Musgrave
38%
2003Travis Kvapil
38%
2002Mike Bliss
35%

Score Distribution

Percentile by Number Answered

Percent of People with Each Score

Your Score History

You have not taken this quiz since the last reset